Principles of neuromusculoskeletal treatment and management : (رقم التسجيلة. 35364)
[ عرض عادي ]
| 000 -الفاتح | |
|---|---|
| حقل البيانات ثابتة الطول | 00846nam a22002417a 4500 |
| 003 - محدد رقم الضبط | |
| رقم الضبط | OSt |
| 005 - وقت وتاريخ اخر تعامل مع التسجيلة | |
| رقم الضبط | 20150408114220.0 |
| 008 - عناصر البيانات ثابتة الطول - معلومات عامة | |
| حقل البيانات ثابتة الطول | 140622t 2012stk||||f |||| 00| 0 eng d |
| 020 ## - الرقم الدولى المعيارى للكتب | |
| الرقم الدولى المعيارى للكتاب | 9780702053092 |
| 040 ## - مصدر الفهرسة | |
| وكالة الفهرسة الأصلية | Ma-Un |
| 082 ## - رقم تصنيف ديوى العشرى | |
| رقم التصنيف | 616.706 |
| رقم المادة | PNP |
| 245 ## - بيان العنوان | |
| العنوان | Principles of neuromusculoskeletal treatment and management : |
| بقية العنوان | a guide for therapists / |
| بيان المسئوليه,etc | edited by Nicola J. Petty ; foreword by Alison Rushton. |
| 250 ## - بيان الطبعة | |
| بيان الطبعة | 2nd ed. |
| 260 ## - PUBLICATION, DISTRIBUTION, ETC. (IMPRINT) | |
| مكان الناشر او الموزع | Edinburgh : |
| اسم الناشر او الموزع | Churchill Livingstone, |
| تاريخ النشر أو التوزيع | 2012 |
| 300 ## - الوصف المادى | |
| التعداد | xi, 314 p. : |
| تفاصيل ماديه اخرى للوعاء | ill. ; |
| أبعاد الوعاء | 25 cm. |
| 490 ## - بيان السلسلة | |
| عنوان السلسلة | Physiotherapy essentials. |
| 500 ## - تبصرة عامة | |
| تبصرة عامة | Date on t.p.: 2011.<br/> |
| 500 ## - تبصرة عامة | |
| تبصرة عامة | "Formerly 9780443067990"--T.p. verso.<br/> |
| 504 ## - تبصرة ببليوجرافية | |
| تبصرة ببليوجرافية,الخ | Includes bibliographical references and index.<br/> |
| 650 ## - المدخل الاضافى بالموضوع-مصطلح موضوعى | |
| مصطلح موضوعي أو اسم جغرافي كعنصر مدخل | Musculoskeletal system |
| التقسيم الفرعي العام | Diseases |
| 700 ## - المدخل الاضافى - اسم شخصى | |
| الإسم الشخصى | Petty, Nicola J. |
| 9 (RLIN) | 45842 |
| 942 ## - عناصر المدخل الإضافي( كوها) | |
| مصدر التصنيف او مخطط الترفيف | Dewey Decimal Classification |
| Koha [default] item type | كتاب |
| حالة الفقد | نموذج السعر الفعال | حالة تلف | ليس للاعارة | رقم الطلب | رقم النسخة | تاريخ الاكتساب | الموقع الحالي | الباركود | الفرع الرئيسي | Date last seen | نوع المادة فى نظام كوها | مصدر التصنيف او خطة الترفيف | Total Checkouts |
|---|---|---|---|---|---|---|---|---|---|---|---|---|---|
| 2014-06-24 | Not For Loan | 616.706 PNP | 1 | 2014-06-24 | المكتبة المركزية بالمجمعة (CL) | 00307442 | المكتبة المركزية بالمجمعة (CL) | 2014-06-24 | كتاب | Dewey Decimal Classification | |||
| 2014-06-24 | 616.706 PNP | 2 | 2014-06-24 | المكتبة المركزية بالمجمعة (CL) | 00307443 | المكتبة المركزية بالمجمعة (CL) | 2014-06-24 | كتاب | Dewey Decimal Classification |
